| 000 | 00530nam a2200157Ia 4500 | ||
|---|---|---|---|
| 003 | SGT | ||
| 020 | _a9788176357272 | ||
| 082 |
_a5 _bTEC |
||
| 100 | _aTechmedia | ||
| 245 | _aUsing Oracle 11i | ||
| 260 |
_bTechmedia _aNew Delhi _c2004 |
||
| 300 | _a1161p. | ||
| 650 | _aCOMPUTER SCIENCE | ||
| 653 | _aREVIEWING ERP AND ORACLE CORPORATION,INTRODUCING THE ORACLE APPLICATION,UNDERSTANDING WHAT AFFECTS THE DEGREE OF EFFORT AND COST PROJECT MANAGEMENT AND CONTROL,USING ORACLE GENERAL LEDGER,USING ORACLE PROJECT | ||
| 942 |
_2ddc _cBK |
||
| 999 |
_c5632 _d5632 |
||